000 00632nam a2200217Ia 4500
005 20250508165739.0
008 008 250505s9999 xx 000 0 eng d
037 _aReference
040 _aFEDL
_beng
_cFEDL
041 _aeng
_2eng
084 _a375, MCK/RR
_qFEDL
100 _aMckernan James
_9778716
245 0 _aCurriculum action research : a handbook of methods and resources for the reflective practitioner
250 _a2
260 _aLondon, UK
_bKogan Page Ltd
_c1996
300 _ax,278p.
365 _aGBP
_b22.5
546 _aC.S.E.C
942 _cREF
_h375, MCK/RR
999 _c1397217
_d1397217